Peligro___ hombres trabajando = Travaux, on sait quand ça commence /
Una abogada de inmigrantes ilegales vive con sus dos hijos adolescentes. Cuando acepta los coqueteos de un cliente, no calcula que éste se enamorará totalmente de ella y se mudará a su casa. Para librarse de él, decide hacer algunas modificaciones al inmueble, con la idea de que resulte inhabitable...
Furkejuvvon:
| Váldodahkki: | |
|---|---|
| Eará dahkkit: | , , |
| Materiálatiipa: | |
| Giella: | fránskkagiella |
| Ráidu: | (Tour de Cine Francés)
|
| Fáttát: | |
| Fáddágilkorat: |
Eai fáddágilkorat, Lasit vuosttaš fáddágilkora!
|
MARC
| LEADER | 00000ngm^a2200000^a^4500 | ||
|---|---|---|---|
| 001 | 000311984 | ||
| 005 | 20250521000000.0 | ||
| 009 | 20260310113101.395 | ||
| 037 | |a Acervo ITESO - Biblioteca | ||
| 041 | |a FRA | ||
| 082 | |a 840. |b ROU | ||
| 100 | |a Roüan, Brigitte |e (realización) | ||
| 245 | 1 | 0 | |a Peligro___ hombres trabajando = |b Travaux, on sait quand ça commence / |c Realización de B. Roüan. |
| 264 | 2 | |a México : |b Cinemas Nueva Era [distribución], |c copyright fecha no identificada | |
| 300 | |a 1 DVD regiones 1 y 4 |c (68 min.) | ||
| 336 | |a imagen móvil bidimensional |b tdi |2 rdacontenido | ||
| 337 | |a video |b v |2 rdamedio | ||
| 338 | |a videodisco |b vd |2 rdasoporte | ||
| 440 | 1 | |a (Tour de Cine Francés) | |
| 520 | |a Una abogada de inmigrantes ilegales vive con sus dos hijos adolescentes. Cuando acepta los coqueteos de un cliente, no calcula que éste se enamorará totalmente de ella y se mudará a su casa. Para librarse de él, decide hacer algunas modificaciones al inmueble, con la idea de que resulte inhabitable para él. Con este fin contrata a un arquitecto colombiano a quien recientemente le consiguió su estancia legal en Francia; tanto los trabajos en casa como la relación de la abogada con el arquitecto se convierten en un caos. | ||
| 546 | |a En francés, con subtítulos opcionales: español | ||
| 649 | |a XX | ||
| 650 | |a Comedias Cinematográficas | ||
| 650 | |a Cine Francés - |y 2000-2009 | ||
| 650 | |a Cine Francés - |y Siglo XXI | ||
| 650 | |a Colombianos en Francia | ||
| 650 | |a Trabajadores Indocumentados - |z Francia | ||
| 650 | |a Migración Ilegal - |z Francia | ||
| 650 | |a Tolerancia e Intolerancia | ||
| 650 | |a Adicción al Trabajo | ||
| 650 | |a Remodelación Arquitectónica | ||
| 650 | |a Relaciones de Pareja | ||
| 700 | |a Bouquet, Carole |e (actuación) | ||
| 700 | |a Castaldi, Jean-Pierre |e (actuación) | ||
| 700 | |a Flamand, Didier |e (actuación) | ||
| 910 | |a Fondo General | ||
| 920 | |a Audiovisuales - DVDs | ||
| 940 | |a Películas | ||
| 905 | |a 302 | ||
| 901 | |a 0500204568 |b IT2 |c DVS |i C123083 |u 20250521 | ||
| 902 | |a https://opac.biblio.iteso.mx/vufind/Record/000311984 | ||